header

Luminescence related phenomena and their applications : (Record no. 83418)

MARC details
000 -LEADER
fixed length control field 01993nam a2200385 i 4500
001 - CONTROL NUMBER
control field ebr10827103
003 - CONTROL NUMBER IDENTIFIER
control field CaPaEBR
006 - FIXED-LENGTH DATA ELEMENTS--ADDITIONAL MATERIAL CHARACTERISTICS--GENERAL INFORMATION
fixed length control field m o d
007 - PHYSICAL DESCRIPTION FIXED FIELD--GENERAL INFORMATION
fixed length control field cr cn|||||||||
008 - FIXED-LENGTH DATA ELEMENTS--GENERAL INFORMATION
fixed length control field 140120t20142014sz a ob 001 0 eng d
020 ## - INTERNATIONAL STANDARD BOOK NUMBER
Cancelled/invalid ISBN 9783037859582
International Standard Book Number 9783038263395 (e-book)
040 ## - CATALOGING SOURCE
Original cataloging agency CaPaEBR
Language of cataloging eng
Description conventions rda
-- pn
Transcribing agency CaPaEBR
035 ## - SYSTEM CONTROL NUMBER
System control number (OCoLC)874147098
050 14 - LIBRARY OF CONGRESS CALL NUMBER
Classification number QC476.4
Item number .L865 2014eb
082 04 - DEWEY DECIMAL CLASSIFICATION NUMBER
Classification number 535.35
Edition number 23
245 00 - TITLE STATEMENT
Title Luminescence related phenomena and their applications :
Remainder of title special topic volume with invited peer reviewed papers only /
Statement of responsibility, etc edited by Hardev Singh Virk.
264 #1 - PRODUCTION, PUBLICATION, DISTRIBUTION, MANUFACTURE, AND COPYRIGHT NOTICE
Place of production, publication, distribution, manufacture Zurich, Switzerland :
Name of producer, publisher, distributor, manufacturer Trans Tech Publications,
Date of production, publication, distribution, manufacture, or copyright notice 2014.
Date of production, publication, distribution, manufacture, or copyright notice �2014
300 ## - PHYSICAL DESCRIPTION
Extent 1 online resource (258 pages) :
Other physical details illustrations (some color).
336 ## - CONTENT TYPE
Content type term text
Source rdacontent
337 ## - MEDIA TYPE
Media type term computer
Source rdamedia
338 ## - CARRIER TYPE
Carrier type term online resource
Source rdacarrier
490 1# - SERIES STATEMENT
Series statement Defect and Diffusion Forum,
International Standard Serial Number 1662-9507 ;
Volume number/sequential designation Volume 347
504 ## - BIBLIOGRAPHY, ETC. NOTE
Bibliography, etc Includes bibliographical references at the end of each chapters and indexes.
588 ## - SOURCE OF DESCRIPTION NOTE
Source of description note Description based on online resource; title from PDF title page (ebrary, viewed January 20, 2014).
590 ## - LOCAL NOTE (RLIN)
Local note Electronic reproduction. Palo Alto, Calif. : ebrary, 2014. Available via World Wide Web. Access may be limited to ebrary affiliated libraries.
650 #0 - SUBJECT ADDED ENTRY--TOPICAL TERM
Topical term or geographic name as entry element Luminescence
Form subdivision Congresses.
655 #0 - INDEX TERM--GENRE/FORM
Genre/form data or focus term Electronic books.
700 1# - ADDED ENTRY--PERSONAL NAME
Personal name Virk, Hardev Singh.
776 08 - ADDITIONAL PHYSICAL FORM ENTRY
Display text Print version:
Title Luminescence related phenomena and their applications : special topic volume with invited peer reviewed papers only.
Place, publisher, and date of publication Zurich, Switzerland : Trans Tech Publications, c2014
Physical description 258 pages
Series data for related item Diffusion and defect data. Pt. A., Defect and diffusion forum ; Volume 347.
International Standard Serial Number 1662-9507
International Standard Book Number 9783037859582
797 2# - LOCAL ADDED ENTRY--CORPORATE NAME (RLIN)
Corporate name or jurisdiction name as entry element ebrary.
830 #0 - SERIES ADDED ENTRY--UNIFORM TITLE
Uniform title Diffusion and defect data.
Number of part/section of a work Pt. A,
Name of part/section of a work Defect and diffusion forum ;
Volume number/sequential designation v. 347.
856 40 - ELECTRONIC LOCATION AND ACCESS
Uniform Resource Identifier <a href="http://site.ebrary.com/lib/rucke/Doc?id=10827103">http://site.ebrary.com/lib/rucke/Doc?id=10827103</a>
Public note An electronic book accessible through the World Wide Web; click to view

No items available.

© 2026 Rongo University
Contact us: librarian | system librarian | Rongo university